LEADER 01146nam a2200265 i 4500 001 991000178439707536 005 20020509163126.0 008 940212s1974 ne ||| | grc 020 $a3487053187 035 $ab11321805-39ule_inst 035 $aPARLA203441$9ExL 040 $aDip.to Filol. Class. e Med.$bita 082 0 $a887.01 100 1 $aWhite, John Williams$0525333 245 14$aThe scholia on the Aves of Aristophanes :$bwith an introduction on the origin, development, transmission, and extant sources of the old greek commentary on his comedies /$ccollected and edited by John Williams White 260 $aHildesheim ; New York :$bOlms,$c1974 300 $aCXII, 378 p. ;$c20 cm. 500 $aRist. dell'ed.: Boston ; London : Ginn and Company, 1914. 650 4$aAristofane - Scoli 907 $a.b11321805$b21-09-06$c01-07-02 912 $a991000178439707536 945 $aLE007 880.1 Aristophanes 1914-01$g1$i2007000005651$lle007$o-$pE0.00$q-$rn$so $t0$u1$v0$w1$x0$y.i11492843$z01-07-02 996 $aScholia on the Aves of Aristophanes$9824149 997 $aUNISALENTO 998 $ale007$b01-01-94$cm$da $e-$fgrc$gne $h4$i1